000 00667nam a22002057a 4500
005 20251108172742.0
008 250721s2001 xx 000 0 ara d
082 1 4 _a410.1/شيخ
100 1 _aشيخاني، محمد
_eمؤلف
245 1 0 _aالبعد الديني للغة العربية وأثرها في التضامن العربي والإسلامي /
264 1 _aدمشق :
_bدار قتيبة،
_c2001.
300 _a166ص.
650 1 7 _aاللغة العربية
650 1 7 _aالإسلام
650 1 7 _aالفلسفة
650 1 7 _aالحضارة الإسلامية
650 1 7 _aإعجاز القرآن
942 _2ddc
_cBK
999 _c87582
_d87582